000 00506nam a2200181Ia 4500
005 20250508160607.0
008 008 250505s9999 xx 000 0 eng d
037 _aTextual
040 _aFEDL
_beng
_cFEDL
041 _aeng
_2eng
084 _a745.4, BEV
_qFEDL
100 _aBevlin Marjorie Elliott
_9764937
245 0 _aDesign through discovery
260 _aNew York, USA
_bAndre Emmerich Gallery
_c1962
300 _a382p.
942 _cTEXL
_h745.4, BEV
999 _c1365515
_d1365515